000 00264nam a22001217a 4500
008 260313b ||||| |||| 00| 0 eng d
041 _ashqip
080 _a22.2
100 _a20.1
101 _aroman
245 _aDyert e Heshtjes
_cEqrem Basha
942 _2udc
_cBK
999 _c60898
_d60898